[Event "Barcelona Sant Marti op-B 19th"]
[Site "Barcelona"]
[Date "2017.07.21"]
[Round "9"]
[White "Minko, Olga"]
[Black "Gimenez Canadas, Carlos"]
[Result "1-0"]
[WhiteElo "1563"]
[BlackElo "1764"]
[PlyCount "69"]
[EventDate "2017.07.13"]
[EventType "swiss"]
[EventRounds "9"]
[EventCountry "ESP"]
[SourceTitle "EXT 2018"]
[Source "ChessBase"]
[SourceDate "2017.10.13"]
[SourceVersion "1"]
[SourceVersionDate "2017.10.13"]
[SourceQuality "1"]

1. e4 c5 2. Nf3 Nc6 3. d4 cxd4 4. Nxd4 g6 5. Nc3 Bg7 6. Be3 Nf6 7. f3 0-0 8. g4 Qb6 9. Ncb5 a6 10. Nf5 Qd8 11. Nxg7 axb5 12. Bh6 Qa5+ 13. c3 Rd8 14. Qd2 d5 15. Nh5 Nxh5 16. gxh5 dxe4 17. Qf4 exf3 18. hxg6 hxg6 19. Rg1 Be6 20. Qe4 f2+ 21. Kxf2 Qb6+ 22. Be3 Qc7 23. Rxg6+ Kf8 24. Bh6+ Ke8 25. Rg8+ Kd7 26. Rd1+ Kc8 27. Rdxd8+ Nxd8 28. Bf4 Qc5+ 29. Be3 Qd6 30. Bg2 Qc7 31. a3 Ra4 32. Qd3 Bc4 33. Rxd8+ Qxd8 34. Bxb7+ Kc7 35. Bb6+ 1-0

[Event "Barcelona Sant Marti op-B 19th"]
[Site "Barcelona"]
[Date "2017.07.20"]
[Round "8"]
[White "Gimenez Canadas, Carlos"]
[Black "Rodriguez Batuecas, Jordi"]
[Result "1-0"]
[WhiteElo "1764"]
[BlackElo "1551"]
[PlyCount "49"]
[EventDate "2017.07.13"]
[EventType "swiss"]
[EventRounds "9"]
[EventCountry "ESP"]
[SourceTitle "EXT 2018"]
[Source "ChessBase"]
[SourceDate "2017.10.13"]
[SourceVersion "1"]
[SourceVersionDate "2017.10.13"]
[SourceQuality "1"]

1. e4 c6 2. d4 d5 3. e5 Bf5 4. g4 Bg6 5. h4 h6 6. h5 Bh7 7. e6 Nf6 8. Bd3 Bxd3 9. Qxd3 fxe6 10. Qg6+ Kd7 11. Nf3 Qe8 12. Ne5+ Kc8 13. Nf7 Rg8 14. f4 Kd7 15. g5 Ng4 16. Rh4 Nf6 17. Ne5+ Kd8 18. Nf7+ Kd7 19. Nd2 Kc7 20. Nf3 Nbd7 21. N3e5 Nxe5 22. dxe5 hxg5 23. fxg5 Nd7 24. Bf4 Nc5 25. h6 1-0

[Event "Barcelona Sant Marti op-B 19th"]
[Site "Barcelona"]
[Date "2017.07.19"]
[Round "7"]
[White "Gimenez Canadas, Carlos"]
[Black "Hinarejos Montano, Andres"]
[Result "0-1"]
[WhiteElo "1764"]
[BlackElo "1607"]
[PlyCount "90"]
[EventDate "2017.07.13"]
[EventType "swiss"]
[EventRounds "9"]
[EventCountry "ESP"]
[SourceTitle "EXT 2018"]
[Source "ChessBase"]
[SourceDate "2017.10.13"]
[SourceVersion "1"]
[SourceVersionDate "2017.10.13"]
[SourceQuality "1"]

1. e4 e5 2. Nf3 d6 3. d4 exd4 4. Nxd4 Be7 5. Nc3 Nf6 6. Qf3 0-0 7. Nf5 Bxf5 8. Qxf5 Nc6 9. Be3 Qd7 10. Qf4 Qg4 11. f3 Qxf4 12. Bxf4 a6 13. 0-0-0 b5 14. g4 b4 15. Nd5 Nxd5 16. Rxd5 f6 17. Bc4 Kh8 18. h4 Ne5 19. Be2 a5 20. h5 c6 21. Rd4 Rad8 22. Bd2 d5 23. f4 Bc5 24. fxe5 Bxd4 25. exf6 Bxf6 26. exd5 Rxd5 27. Bd3 c5 28. Bf5 Bxb2+ 29. Kxb2 Rxd2 30. Re1 Rfd8 31. Re7 a4 32. Ra7 a3+ 33. Kb3 R2d6 34. Rc7 g6 35. hxg6 hxg6 36. Bd3 Rxd3+ 37. cxd3 Rxd3+ 38. Kc2 Rd5 39. Kb3 Rg5 40. Rc6 Kh7 41. Kc4 Rxg4+ 42. Kxc5 g5 43. Ra6 Rf4 44. Kd5 g4 45. Ke5 Rf2 0-1

[Event "Llinars del Valles op-B 4th"]
[Site "Llinars del Valles"]
[Date "2010.05.01"]
[Round "4"]
[White "Corretja Torrens, Jordi"]
[Black "Gimenez Canadas, Carlos"]
[Result "1-0"]
[WhiteElo "1867"]
[BlackElo "1752"]
[PlyCount "75"]
[EventDate "2010.04.10"]
[EventType "swiss"]
[EventRounds "7"]
[EventCountry "ESP"]
[SourceTitle "EXT 2012"]
[Source "ChessBase"]
[SourceDate "2011.11.24"]
[SourceVersion "1"]
[SourceVersionDate "2011.11.24"]
[SourceQuality "1"]

1. d4 Nf6 2. c4 c5 3. d5 e6 4. Nc3 exd5 5. cxd5 d6 6. e4 g6 7. Nf3 Bg7 8. Bd3 0-0 9. 0-0 Re8 10. Re1 a6 11. a4 Nbd7 12. Bf4 Nf8 13. h3 Qb6 14. Qd2 Bd7 15. a5 Qc7 16. e5 dxe5 17. Nxe5 Ne4 18. Rxe4 Bxe5 19. Bxe5 Rxe5 20. Rxe5 Qxe5 21. Re1 Qd6 22. Ne4 Qe5 23. Nc3 Qd6 24. Qg5 f6 25. Qc1 Kg7 26. Bc4 Re8 27. Rxe8 Bxe8 28. Ne4 Qc7 29. Qc3 Nd7 30. d6 Qc6 31. Qe3 Bf7 32. Bxf7 Kxf7 33. Qd3 Ne5 34. Qe3 Nc4 35. Ng5+ Kg8 36. Qe6+ Kg7 37. Qe7+ Kh6 38. Nf7+ 1-0

[Event "Llinars del Valles op-B 4th"]
[Site "Llinars del Valles"]
[Date "2010.04.24"]
[Round "3"]
[White "Jimenez Paez, Jaime"]
[Black "Gimenez Canadas, Carlos"]
[Result "0-1"]
[WhiteElo "1625"]
[BlackElo "1752"]
[PlyCount "86"]
[EventDate "2010.04.10"]
[EventType "swiss"]
[EventRounds "7"]
[EventCountry "ESP"]
[SourceTitle "EXT 2012"]
[Source "ChessBase"]
[SourceDate "2011.11.24"]
[SourceVersion "1"]
[SourceVersionDate "2011.11.24"]
[SourceQuality "1"]

1. d4 Nf6 2. c4 c5 3. d5 e6 4. Nc3 exd5 5. cxd5 d6 6. e4 g6 7. Bb5+ Bd7 8. Bxd7+ Qxd7 9. Nf3 Bg7 10. 0-0 0-0 11. Re1 Ng4 12. Bf4 Re8 13. Rc1 Na6 14. h3 Ne5 15. Nxe5 Bxe5 16. Bh6 b5 17. Qe2 Nc7 18. f4 Bd4+ 19. Kh1 b4 20. Nd1 Nxd5 21. Qf3 Nc7 22. f5 d5 23. fxg6 fxg6 24. e5 Qf5 25. Qxf5 gxf5 26. Bf4 Ne6 27. g3 Kf7 28. Kg2 Nxf4+ 29. gxf4 Rg8+ 30. Kf3 Ke6 31. Rc2 Rg7 32. Rg2 Rxg2 33. Kxg2 a5 34. Re2 Rg8+ 35. Kf3 h5 36. Rg2 Rxg2 37. Kxg2 h4 38. Kf3 a4 39. Ke2 a3 40. b3 c4 41. bxc4 dxc4 42. Kd2 b3 43. axb3 a2 0-1

[Event "Llinars del Valles op-B 4th"]
[Site "Llinars del Valles"]
[Date "2010.04.17"]
[Round "2"]
[White "Gimenez Canadas, Carlos"]
[Black "Veciana Coronado, David"]
[Result "1-0"]
[WhiteElo "1752"]
[BlackElo "1592"]
[PlyCount "45"]
[EventDate "2010.04.10"]
[EventType "swiss"]
[EventRounds "7"]
[EventCountry "ESP"]
[SourceTitle "EXT 2012"]
[Source "ChessBase"]
[SourceDate "2011.11.24"]
[SourceVersion "1"]
[SourceVersionDate "2011.11.24"]
[SourceQuality "1"]

1. e4 e5 2. Nf3 Nc6 3. Bc4 Bc5 4. 0-0 Nf6 5. d4 Bxd4 6. Nxd4 Nxd4 7. Bg5 d6 8. f4 0-0 9. fxe5 dxe5 10. Nc3 c6 11. Bxf6 gxf6 12. Qe1 Nxc2 13. Qg3+ Kh8 14. Rad1 Qb6+ 15. Kh1 Ne3 16. Rxf6 Nxd1 17. Qxe5 Nf2+ 18. Rxf2+ Kg8 19. Bxf7+ Rxf7 20. Qe8+ Kg7 21. Qxf7+ Kh6 22. Rf6+ Kg5 23. Qg7+ 1-0